header

Understanding virtual universities (Record no. 30983)

MARC details
000 -LEADER
fixed length control field 01214nam a2200313Ia 4500
082 04 - DEWEY DECIMAL CLASSIFICATION NUMBER
Classification number 378.1758
100 1# - MAIN ENTRY--AUTHOR NAME
Personal name Rada, R.
245 10 - TITLE STATEMENT
Title Understanding virtual universities
260 ## - PUBLICATION, DISTRIBUTION, ETC. (IMPRINT)
Place of publication Bristol :
Name of publisher Intellect,
Year of publication 2001.
300 ## - PHYSICAL DESCRIPTION
Number of Pages iv, 122 p. :
Other physical details ill., ports.
650 #0 - SUBJECT ADDED ENTRY--TOPICAL TERM
Topical Term Education, Higher
Topical Term Telecommunication in higher education.
Topical Term Distance education.
856 40 - ELECTRONIC LOCATION AND ACCESS
Uniform Resource Identifier http://site.ebrary.com/lib/rucke/Doc?id=10014647

No items available.

© 2026 Rongo University
Contact us: librarian | system librarian | Rongo university